Fadhilat Al-Quran / (Record no. 793)

000 -LEADER
fixed length control field nam a22 a 4500
003 - CONTROL NUMBER IDENTIFIER
control field AKMAL
005 - DATE AND TIME OF LATEST TRANSACTION
control field 20170505114901.0
008 - FIXED-LENGTH DATA ELEMENTS--GENERAL INFORMATION
fixed length control field 170505s1997 my 00 may d
020 ## - INTERNATIONAL STANDARD BOOK NUMBER
International Standard Book Number 9830773396 (kkt.):
Terms of availability RM 4.00
040 ## - CATALOGING SOURCE
Original cataloging agency AKMAL
082 04 - DEWEY DECIMAL CLASSIFICATION NUMBER
Classification number 297.122 MUH
090 00 - LOCALLY ASSIGNED LC-TYPE CALL NUMBER (OCLC); LOCAL CALL NUMBER (RLIN)
Classification number (OCLC) (R) ; Classification number, CALL (RLIN) (NR) 297.1226
Local cutter number (OCLC) ; Book number/undivided call number, CALL (RLIN) MUH
100 1# - MAIN ENTRY--PERSONAL NAME
Personal name Kandhahlawi, Muhammad Zakariyya,
Dates associated with a name 1898-
9 (RLIN) 1729
245 10 - TITLE STATEMENT
Title Fadhilat Al-Quran /
Statement of responsibility, etc. Maulana Muhammad Zakariya Kandhahlawi ; penyunting Ibnu Hussin
260 ## - PUBLICATION, DISTRIBUTION, ETC.
Place of publication, distribution, etc. Kuala Lumpur :
Name of publisher, distributor, etc. Perniagaan Jahabersa,
Date of publication, distribution, etc. 1997
300 ## - PHYSICAL DESCRIPTION
Dimensions cm
500 ## - GENERAL NOTE
General note Mengandungi ayat-ayat dari Quran
650 #0 - SUBJECT ADDED ENTRY--TOPICAL TERM
Topical term or geographic name entry element Qur'an
General subdivision Criticism, interpretation, etc.
9 (RLIN) 1730
650 #0 - SUBJECT ADDED ENTRY--TOPICAL TERM
Topical term or geographic name entry element Koran
General subdivision Appreciation
9 (RLIN) 1731
700 0# - ADDED ENTRY--PERSONAL NAME
Personal name Ibnu Hussin
9 (RLIN) 1732
942 ## - ADDED ENTRY ELEMENTS (KOHA)
Source of classification or shelving scheme
Koha item type Book
Holdings
Withdrawn status Lost status Source of classification or shelving scheme Damaged status Not for loan Collection code Home library Current library Shelving location Date acquired Inventory number Total Checkouts Full call number Barcode Date last seen Price effective from Koha item type
          NON-FICTION AKMAL Melaka AKMAL Melaka PINJAMAN 05.05.2017 200719   297.122 MUH 201701767 05.05.2017 05.05.2017 Book
Pusat Sumber Maklumat Dato' Haji Sarmin Md Hussin, Akademi Kastam Diraja Malaysia, Melaka
Tel: 06-2331106 | Faks: 06-2313787